Welcome to CU Library Online Public Access Catalogue (OPAC)

Tough talk : (Record no. 3613)

MARC details
000 -LEADER
fixed length control field 01042cam a2200265 a 4500
001 - CONTROL NUMBER
control field 3545504
005 - DATE AND TIME OF LATEST TRANSACTION
control field 20250207200014.0
008 - FIXED-LENGTH DATA ELEMENTS--GENERAL INFORMATION
fixed length control field 971106s1998 nyu 001 0aeng
020 ## - INTERNATIONAL STANDARD BOOK NUMBER
International Standard Book Number 0812930177 (acidfree paper)
050 00 - LIBRARY OF CONGRESS CALL NUMBER
Classification number KF373.G29
Item number A33 1998
082 00 - DEWEY DECIMAL CLASSIFICATION NUMBER
Classification number 342.73/0853
Edition information 21
100 1# - MAIN ENTRY--PERSONAL NAME
Personal name Garbus, Martin,
Dates associated with a name 1934-
245 10 - TITLE STATEMENT
Title Tough talk :
Remainder of title how I fought for writers, comics, bigots, and the American way /
Statement of responsibility, etc. Martin Garbus with Stanley Cohen.
250 ## - EDITION STATEMENT
Edition statement 1st ed.
260 ## - PUBLICATION, DISTRIBUTION, ETC.
Place of publication, distribution, etc. New York :
Name of publisher, distributor, etc. Times Books,
Date of publication, distribution, etc. c1998.
300 ## - PHYSICAL DESCRIPTION
Extent x, 307 p. ;
Dimensions 22 cm.
500 ## - GENERAL NOTE
General note Includes index.
650 #0 - SUBJECT ADDED ENTRY--TOPICAL TERM
Topical term or geographic name entry element Lawyers
Geographic subdivision United States
General subdivision Biography.
650 #0 - SUBJECT ADDED ENTRY--TOPICAL TERM
Topical term or geographic name entry element Freedom of speech
Geographic subdivision United States.
700 1# - ADDED ENTRY--PERSONAL NAME
Personal name Cohen, Stanley,
Dates associated with a name 1934-
856 42 - ELECTRONIC LOCATION AND ACCESS
Materials specified Contributor biographical information
Uniform Resource Identifier <a href="http://www.loc.gov/catdir/bios/random058/97046346.html">http://www.loc.gov/catdir/bios/random058/97046346.html</a>
856 41 - ELECTRONIC LOCATION AND ACCESS
Materials specified Sample text
Uniform Resource Identifier <a href="http://www.loc.gov/catdir/samples/random044/97046346.html">http://www.loc.gov/catdir/samples/random044/97046346.html</a>
856 42 - ELECTRONIC LOCATION AND ACCESS
Materials specified Publisher description
Uniform Resource Identifier <a href="http://www.loc.gov/catdir/description/random0411/97046346.html">http://www.loc.gov/catdir/description/random0411/97046346.html</a>
942 ## - ADDED ENTRY ELEMENTS (KOHA)
Source of classification or shelving scheme Library of Congress Classification
Koha item type Books
Suppress in OPAC No
999 ## -
-- 3613
-- 3613

No items available.

© 2023-2024 Copyright: Central University Libraries. All Rights Reserved | Created by: Mahone Tech Office